000
00269nam a22001097a 4500
008
170120b xxu||||| |||| 00| 0 eng d
020
_a
9781435441170
041
_a
eng
080
_2
7TH
_a
618.2
245
_a
BEGINNING MEDICAL TRANSCRIPTION
_c
IRELAND, P.A
942
_2
udc
_c
BK
999
_c
3270
_d
3270